Bí mật công ty : 50 bí mật công ty không muốn bạn biết = Corporate confidential : 50 secrets your company doesn’t want you to know--and what to do about them

Bí Mật Công Ty nhằm mục đích cảnh báo trước hết dành cho công tác quản lý nhân sự. Quan trọng và thiết thực hơn cả, sách còn mang đến cho nhân viên lẫn người sử dụng lao động cơ hội nhìn thấy vấn đề từ hai phía: Nhân viên hiểu vì sao c...

Полное описание

Сохранить в:
Библиографические подробности
Главный автор: Shapiro, Cynthia
Формат:
Язык:Undetermined
Опубликовано: Hà Nội Văn hóa Thông tin 2012
Предметы:
Метки: Добавить метку
Нет меток, Требуется 1-ая метка записи!
Thư viện lưu trữ: Trung tâm Học liệu Trường Đại học Cần Thơ
LEADER 01370nam a2200217Ia 4500
001 CTU_188087
008 210402s9999 xx 000 0 und d
020 |c 60000 
082 |a 650.13 
082 |b S529 
100 |a Shapiro, Cynthia 
245 0 |a Bí mật công ty : 
245 0 |b 50 bí mật công ty không muốn bạn biết = Corporate confidential : 50 secrets your company doesn’t want you to know--and what to do about them 
245 0 |c Cynthia Shapiro ; Bùi Quang Khải dịch 
260 |a Hà Nội 
260 |b Văn hóa Thông tin 
260 |c 2012 
520 |a Bí Mật Công Ty nhằm mục đích cảnh báo trước hết dành cho công tác quản lý nhân sự. Quan trọng và thiết thực hơn cả, sách còn mang đến cho nhân viên lẫn người sử dụng lao động cơ hội nhìn thấy vấn đề từ hai phía: Nhân viên hiểu vì sao công ty buộc phải hoạt động theo cách của họ; người sử dụng lao động thông cảm hơn nữa tâm trạng lo lắng một cách chính đáng của nhân viên về tương lai của mình. 
650 |a Personnel management,Quản lý nhân sự 
910 |a Hải 
980 |a Trung tâm Học liệu Trường Đại học Cần Thơ